The Rabha tribe of North-East India, Bengal, and Bangladesh / (Record no. 41255)

MARC details
000 -LEADER
fixed length control field 01275nam a22003017a 4500
005 - DATE AND TIME OF LATEST TRANSACTION
control field 20100812114414.0
010 ## - LCCN (DPL NO)
LC control number ENG-99832
020 ## - INTERNATIONAL STANDARD BOOK NUMBER
International Standard Book Number 9788183243308
Terms of availability 395.00
020 ## - INTERNATIONAL STANDARD BOOK NUMBER
International Standard Book Number 8183243304
Terms of availability 395.00
035 ## - SYSTEM CONTROL NUMBER
System control number EN-83364
037 ## - SOURCE OF ACQUISITION
Source of stock number/acquisition DBAD/PUB
082 ## - DEWEY DECIMAL CLASSIFICATION NUMBER
Classification number 305.809149
100 ## - MAIN ENTRY--PERSONAL NAME
Personal name Basumatary,Phukan
245 ## - TITLE STATEMENT
Title The Rabha tribe of North-East India, Bengal, and Bangladesh /
Statement of responsibility, etc by Phukan Basumatary
260 ## - PUBLICATION, DISTRIBUTION, ETC. (IMPRINT)
Place of publication, distribution, etc New Delhi
Name of publisher, distributor, etc Mittal Publications
Date of publication, distribution, etc 2010
270 ## - ADDRESS
City New Delhi
Postal code 110002
Address 4594/9,Daryaganj,
300 ## - PHYSICAL DESCRIPTION
Extent xiv,115p.:
Other physical details col.ill.
Dimensions 23cm (Hb)
500 ## - GENERAL NOTE
General note Includes bibliographical references (p. [93]-96) and index
520 ## - SUMMARY, ETC.
Summary, etc Grammar of Rabha language and study on the social life and customs of Rabha tribe of India and Bangladesh.
650 ## - SUBJECT ADDED ENTRY--TOPICAL TERM
Topical term or geographic name as entry element Rabha language
General subdivision Grammar
650 ## - SUBJECT ADDED ENTRY--TOPICAL TERM
Topical term or geographic name as entry element Rabha (Indic people)
General subdivision Social life and customs.
650 ## - SUBJECT ADDED ENTRY--TOPICAL TERM
Topical term or geographic name as entry element Rabha (Indic people)
General subdivision Social life and custorms.
Geographic subdivision Bangladesh
700 ## - ADDED ENTRY--PERSONAL NAME
9 (RLIN) 10603
Personal name Bera, Gautam Kumar
700 ## - ADDED ENTRY--PERSONAL NAME
Personal name Sahay, Vijoy S.
9 (RLIN) 11537
700 ## - ADDED ENTRY--PERSONAL NAME
9 (RLIN) 10604
942 ## - ADDED ENTRY ELEMENTS (KOHA)
Source of classification or shelving scheme Dewey Decimal Classification
Item type English Books
Classification part 305.809149
Call number suffix BAS
Holdings
Withdrawn status Lost status Not for loan Collection code Home library Current library Date acquired Source of acquisition Cost, normal purchase price Full call number Barcode Copy number Cost, replacement price Koha item type
    Not For Loan Non-fiction D.B.Act.Division D.B.Act.Division 12/08/2010 DBAD/PUB 395.00 305.809149 BAS EN-83364 1 395.00 English Books

© Delhi Public Library
Hit Counter
free hit counter